Гигиена и санитария: научно-практический журнал

Dettagli Bibliografici
Ente Autore: Российская Федерация Федеральная служба по надзору в сфере защиты прав потребителей и благополучия человека
Riassunto:Печатная подписка НТБ на журнал: 1981-2016
Lingua:russo
Pubblicazione: Москва, Медицина, 1910-
Accesso online:Журнал на платформе eLIBRARY
Официальный сайт журнала
Natura: MixedMaterials Elettronico Periodico
KOHA link:https://koha.lib.tpu.ru/cgi-bin/koha/opac-detail.pl?biblionumber=380422

MARC

LEADER 00000nas1a2200000 4500
001 380422
005 20260319120924.0
011 |a 0016-9900 
035 |a (RuTPU)RU\TPU\prd\1427 
035 |a RU\TPU\prd\137 
090 |a 380422 
100 |a 20020214a19109999k||y0rusy50 ca 
101 0 |a rus 
102 |a RU 
110 |a agaz|||0uu0 
200 1 |a Гигиена и санитария  |e научно-практический журнал  |f Федеральная служба по надзору в сфере защиты прав потребителей и благополучия человека 
210 |a Москва  |c Медицина  |d 1910- 
300 |a Печатная подписка НТБ на журнал: 1981-2016 
305 |a Издается с 1910 года 
326 |a Периодичность - 6 номеров в год, с 2016 года - 12 номеров в год 
675 |a 614.3 
675 |a 613  |v 3 
712 0 1 |a Российская Федерация  |b Федеральная служба по надзору в сфере защиты прав потребителей и благополучия человека  |c (2004- )  |3 (RuTPU)RU\TPU\col\10834  |9 24940 
801 0 |a RU  |b 63413507  |c 20011210  |g PSBO 
801 2 |a RU  |b 63413507  |c 20160924  |g PSBO 
856 4 0 |u http://elibrary.ru/title_about.asp?id=7769  |z Журнал на платформе eLIBRARY  
856 4 0 |u https://www.rjhas.ru/  |z Официальный сайт журнала 
942 |c CR